MDQL
is popping MORE tags! Check the
thread
!
Quizzes
Events
Quiz Creation
Community
Videos
Private Events
Remove Ads
Sign In
Join for FREE
Feedback
Dark Mode
Quiz Categories
Sports
Geography
Music
Movies
Television
Just For Fun
Miscellaneous
History
Literature
Language
Science
Gaming
Entertainment
Religion
Holiday
For Kids
Quiz Lab
Recent
Popular Today
Quiz Kudos Today
Editor Picks
Curator Picks
Quizzes by...
Day
Popularity
Type
Ratings
Length
Year
Community
Subscriptions
Recent Discussions
Orange Saloon
Badges
Playlists
Quests
Create
Leaderboards
Showdown
Live 5
Trivia Bingo
Activity
Puzzle Library
Sporcle Events
Private Events
Virtual Trivia
Globe League
Become a Host
Pub Owners
SporcleCon
Opinionation
Our Games
Videos
Blog
Mobile Apps
Partnerships
Remove Ads and Go Orange
Feedback
Music
Pop Music
The Beatles
Song
Album
Lyrics
Bands
Singers
Artist
Clip
Rock
Rap
Classical
Billboard
Country Music
Kpop
Taylor Swift
Music
Pop Music
The Beatles
Song
Album
Lyrics
Bands
Singers
Artist
Clip
Rock
Rap
Classical
Billboard
Country Music
Kpop
Taylor Swift
Random Quiz
Search Sporcle
×
Quiz Lab
Quiz Lab
Music
finish
Type in answers that appear in a list
Type in answers that appear in a list
Classic
Best Score? Go Orange.
All Time Low lyrics Stats
Can you name the Finish the All Time Low lyrics?
By
RachelRex4393
10m
41 Questions
79 Plays
79 Plays
79 Plays
Comments
Comments
Give Quiz Kudos
Give Quiz Kudos
-
- Ratings
hide this ad
Replay
Link that replays current quiz
Next Quiz
Link to next quiz in quiz playlist
You Got
0%
They Got
Avg Score
36%
Avg Friend Score
Upgrade to see
Score Distribution
Jump to the score distribution portion of the page
Score
0/41
Timer
10:00
0
Plays Today
% Correct
Dear Maria, Count Me In
62%
Weightless
60.8%
Therapy
55.7%
Jasey Rae
50.6%
Walls
48.1%
Remembering Sunday
48.1%
Shameless
46.8%
Six Feet Under The Stars
46.8%
Break Your Little Heart
45.6%
Lost In Stereo
44.3%
Coffee Shop Soundtrack
44.3%
Vegas
44.3%
The Beach
43%
Poppin' Champagne
43%
Running From Lions
41.8%
Hello, Brooklyn
40.5%
Lullabies
39.2%
Too Much
39.2%
Sick Little Games
39.2%
Stay Awake (Dreams Only Last For A Night)
38%
The Girl's A Straight Up Hustler
38%
% Correct
Damned If I Do Ya (Damned If I Don't)
36.7%
Break Out! Break Out!
36.7%
Come One, Come All
36.7%
The Party Scene
36.7%
Holly (Would You Turn Me On?)
36.7%
Time Bomb
35.4%
Let It Roll
34.2%
Poison
32.9%
Circles
31.6%
This Is How We Do
30.4%
Toxic Valentine
30.4%
I Feel Like Dancin'
30.4%
A Party Song (The Walk Of Shame)
26.6%
Noel
17.7%
I Can't Do The One Two Step
17.7%
Sticks, Stones and Techno
17.7%
Hit The Lights
13.9%
Under A Paper Moon
13.9%
Last Flight Home
8.9%
Merry Christmas, Kiss My Ass
8.9%
Quiz Playlist
Details
Report
Send in Message
Add To Playlist
Classic:
Type in answers that appear in a list
Last Updated: Feb 16, 2017
Quiz Scoreboard
CHALLENGE
Sign Up to Join the Scoreboard
Show All
Scores
Hide
Comments
May contain spoilers
Recently Published
Street Fighter Characters
by Artimus82
Gaming
60s
9x9 Crossword: Cartoon Network
by jackfrog10
Miscellaneous
3m
College Basketball Coaching Resumes
by pancakes188
Sports
9m
More to Explore
Quiz From the Vault
Featured Blog Post
Where Did the Easter Bunny Come From?
hide this ad
You Might Also Like...
Tags
All Time
finish
Low
Today's Top Quizzes in Music
Browse Music
hide this ad
Today's Top Quizzes in finish
Browse finish
Top Contributed Quizzes in Music
1
Taylor Swift All Songs (2024)
2
Taylor Swift Logic Puzzle
3
Guess the Artist- 70s Songs
4
7-to-1: Billboard Hot 100 #1 Hits of 2010s
5
Sorting Albums and Songs
6
KPOP LOGIC QUIZ
7
Guess the Taylor Swift song (Mystery Song)
8
Guess The Taylor Swift Lyrics Song #1
9
Billboard Blitz: ABBA
10
Billboard Blitz: The Beatles
Explore More
Trending Topics
Crossword
Disney
NBA
Kpop
Harry Potter
Marvel
Anime
WWE
NFL
Soccer
Song
Puzzle
Country
The Office
Pokémon
hide this ad
More By:
RachelRex4393
Quiz
Plays
Rating
Category
Featured
Created
All Time Low lyrics
79
1.00
Music
Apr 14, 2011
Go to Creator's Profile
Score Distribution
Quiz Creator Spotlight
RachelRex4393
Follow
Send a Message
Quizzes Created
-
Created Quiz Play Count
-
More By This Creator
Popular Quizzes Today
1
Find the US States - No Outlines Minefield
2
Find the Countries of Europe - No Outlines Minefield
3
The Countries of the World
4
Find the US States
5
Risky Map Clicking: Biggest States A-Z
6
US States
7
Popular People in 1961
8
Movies - When Are They Set?
More Music Quizzes
'The Sweet Escape' Lyrics - Gwen Stefani
Quiz Lab
Trending Quizzes
Risky Map Clicking: Least Populous States A-Z
Countries of the World: 200 Million BC
1-10 Letter G Words
Risky Map Clicking: Next State Alphabetically
Adjectives in 80s TV Shows
Recently Updated
Leaping Animals
pecheneg
Reality TV Shows (A-Z)
bhenderson79
Rickey Henderson's Hall of Fame Teammates
pecheneg
Champions League XIs: Arsenal
pecheneg
Quick Pick: Celebrities in WWE's Hall of Fame
aduchscher
A-Z Keypad Blitz II
pecheneg
Multiple Oscar Actors
pecheneg
Mystery Phrase Blitz: Oscar 'Best Actors'
pecheneg
F. Scott Fitzgerald Novels
LTH
Pick 3 Villains
ddd62291
Trending Topics
Anime
Harry Potter
NBA
Kpop
Marvel
Disney
Crossword
Song
Puzzle
Soccer
WWE
NFL
The Office
Pokémon
Country
Your Account Isn't Verified!
In order to create a playlist on Sporcle, you need to verify the email address you used during registration. Go to your
Sporcle Settings
to finish the process.
Report this User
Report this user for behavior that violates our
Community Guidelines
.
Details:
Send Report
Go to the Sporcle.com Mobile Site →
Comments